000 00528nam a2200181Ia 4500
005 20250508153234.0
008 008 250505s9999 xx 000 0 eng d
037 _aTextual
040 _aFEDL
_beng
_cFEDL
041 _aeng
_2eng
084 _a613, KEL
_qFEDL
100 _aKellner Robert
_9763485
245 0 _aFamily ill health: An investigation in general practice
260 _aLondon, UK
_bTavistock Publications Ltd.
_c1963
300 _axi,112p.
942 _cTEXL
_h613, KEL
999 _c1341454
_d1341454